=LDR 00000nam 2200000 4500 =001 INLIS000000000023956 =005 20130612122555 =008 ***********************************Ind** =035 ##$$0010-061300000023956 =041 ##$$a Ind =082 ##$$a 340.1 =090 ##$$a 340.1, Suk k =100 ##$$a Sukanto, urjono =245 ##$$a Kesadaran hukum dan kepatuhan huku, Soerjono Sukanto =260 ##$$a 1993 $b Jakarta6bRajawali =300 ##$$a 286 hlm, 21 cm =650 ##$$a Hukum filsafat dan teori =850 ##$$a NBPNMAT